Matematická statistika

Enregistré dans:
Détails bibliographiques
Format: Livre
Langue:tchèque
Publié: Praha : České vysoké učení technické v Praze, 1989
Tags: Ajouter un tag
Pas de tags, Soyez le premier à ajouter un tag!

MARC

LEADER 00000nam a22000003a 4500
001 stu86320
005 20150408175248.3
008 040427s1989----cs------------------cze-d
040 |a STU  |b slo 
041 0 |a cze 
044 |a cs 
080 |a 519.2(075.8) 
245 |a Matematická statistika 
260 |a Praha :  |b České vysoké učení technické v Praze,  |c 1989 
300 |a 116 s 
996 |b 284V030839  |c V*31979/S-90  |l VVT  |s A  |a 24  |w stu86320_0001